000
00313nam a22001337a 4500
020
_a
0-947795-91-X
082
_a
823
_b
MIL/M
100
_a
MILLAR, MARTIN
245
_a
MILK, SULPHATE AND ALBY STARVATION
260
_a
LONDON
_b
FOURTH ESTATE
_c
1990
300
_a
152
650
_a
NOVEL
_z
UNITED KINGDOM
942
_c
BK
999
_c
3522
_d
3522